|
|
|
|
| LEADER |
00000cam a2200000 c 4500 |
| 001 |
110451309 |
| 003 |
DE-627 |
| 005 |
20251219221345.0 |
| 007 |
tu |
| 008 |
921118s1993 xxu||||| 00| ||eng c |
| 010 |
|
|
|a 92023570
|
| 020 |
|
|
|a 0399138005
|9 0-399-13800-5
|
| 035 |
|
|
|a (DE-627)110451309
|
| 035 |
|
|
|a (DE-576)034807268
|
| 035 |
|
|
|a (DE-599)GBV110451309
|
| 035 |
|
|
|a (OCoLC)26400150
|
| 035 |
|
|
|a (OCoLC)26400150
|
| 040 |
|
|
|a DE-627
|b ger
|c DE-627
|e rakwb
|
| 041 |
|
|
|a eng
|
| 044 |
|
|
|c XD-US
|
| 050 |
|
0 |
|a HV7911.H6
|
| 082 |
0 |
|
|a 353.0074/092
|
| 082 |
0 |
|
|a B
|
| 084 |
|
|
|a 7,26
|2 ssgn
|
| 084 |
|
|
|a 15.87
|2 bkl
|
| 090 |
|
|
|a a
|
| 100 |
1 |
|
|8 1\p
|a Summers, Anthony
|d 1942-
|0 (DE-588)1089832869
|0 (DE-627)85363758X
|0 (DE-576)460506528
|4 aut
|
| 109 |
|
|
|a Summers, Anthony 1942-
|
| 245 |
1 |
0 |
|a Official and confidential
|b the secret life of J. Edgar Hoover
|c Anthony Summers
|
| 264 |
|
1 |
|a New York, N.Y
|b G.P. Putnam's Sons
|c c1993
|
| 300 |
|
|
|a 528 S
|b Ill
|c 24 cm
|
| 336 |
|
|
|a Text
|b txt
|2 rdacontent
|
| 337 |
|
|
|a ohne Hilfsmittel zu benutzen
|b n
|2 rdamedia
|
| 338 |
|
|
|a Band
|b nc
|2 rdacarrier
|
| 500 |
|
|
|a Includes bibliographical references (p. 507-516) and index
|
| 583 |
1 |
|
|a Archivierung prüfen
|c 20200919
|f DE-640
|z 1
|2 pdager
|
| 583 |
1 |
|
|a Archivierung prüfen
|c 20240324
|f DE-4165
|z 1
|2 pdager
|
| 600 |
1 |
0 |
|a Hoover, J. Edgar
|q (John Edgar)
|d 1895-1972
|
| 610 |
1 |
0 |
|a United States
|b Federal Bureau of Investigation
|x Officials and employees
|x Biography
|
| 650 |
|
0 |
|a Police
|z United States
|x Biography
|
| 650 |
|
0 |
|a Government executives
|z United States
|x Biography
|
| 655 |
|
7 |
|a Biografie
|0 (DE-588)4006804-3
|0 (DE-627)104213493
|0 (DE-576)208867147
|2 gnd-content
|
| 689 |
0 |
0 |
|d p
|0 (DE-588)118553488
|0 (DE-627)079351026
|0 (DE-576)208963219
|a Hoover, J. Edgar
|d 1895-1972
|2 gnd
|
| 689 |
0 |
|
|5 DE-101
|
| 689 |
1 |
0 |
|d p
|0 (DE-588)118553488
|0 (DE-627)079351026
|0 (DE-576)208963219
|a Hoover, J. Edgar
|d 1895-1972
|2 gnd
|
| 689 |
1 |
|
|5 (DE-627)
|
| 883 |
|
|
|8 1\p
|a cgwrk
|d 20241001
|q DE-101
|u https://d-nb.info/provenance/plan#cgwrk
|
| 935 |
|
|
|i sf
|
| 935 |
|
|
|i Blocktest
|
| 936 |
b |
k |
|a 15.87
|j USA
|x Geschichte
|0 (DE-627)181569760
|
| 951 |
|
|
|a BO
|
| ELC |
|
|
|b 1
|
| LOK |
|
|
|0 000 xxxxxcx a22 zn 4500
|
| LOK |
|
|
|0 001 3195043157
|
| LOK |
|
|
|0 003 DE-627
|
| LOK |
|
|
|0 004 110451309
|
| LOK |
|
|
|0 005 20151006104730
|
| LOK |
|
|
|0 008 930823||||||||||||||||ger|||||||
|
| LOK |
|
|
|0 040
|a DE-21
|c DE-627
|d DE-21
|
| LOK |
|
|
|0 852
|a DE-21
|
| LOK |
|
|
|0 852 1
|c KB 19 A 747
|9 00
|
| LOK |
|
|
|0 935
|a krim
|
| LOK |
|
|
|0 939
|a 23-08-93
|b l01
|
| ORI |
|
|
|a SA-MARC-krimdoka001.raw
|
| SIG |
|
|
|a UB: KB 19 A 747
|